| 000 | 00797nam a22002771a 4500 | ||
|---|---|---|---|
| 003 | AR-RoIUNI | ||
| 005 | 20190412145215.0 | ||
| 008 | 080526s1990 sp |||||||||||||| ||spa | ||
| 020 | _a8476155581 | ||
| 040 |
_aAR-BaBN _cIUNIR |
||
| 080 | _a616-01 COT | ||
| 100 | 1 | _aCotran, Ramzi S. | |
| 245 | 1 | 0 |
_aPatologĂa estructural y funcional _nVolumen 2 |
| 250 | _a4a ed. | ||
| 260 |
_aMadrid : _bMcGraw-Hill, _c1990. |
||
| 300 |
_a741 - 1597 p. _c28 cm. |
||
| 650 | 1 | 0 |
_9148 _aPatologĂa |
| 700 | 1 |
_aKumar, Vinay _9229 |
|
| 700 | 1 | _aRobbins, Stanley L. | |
| 930 | 1 |
_lBNA01 _mLIBRO _600841580 _820110912 _f11 _h1 |
|
| 930 | 1 |
_lBNA01 _mLIBRO _600841579 _820110912 _f11 _h2 |
|
| 942 |
_2cdu _cBK |
||
| 956 |
_aGSL _b00 _c20110915 _lBNA01 _h2041 |
||
| 956 |
_aGSL _c20130614 _lBNA01 _h1555 |
||
| 999 |
_c4465 _d4465 |
||